Meddig fájhat? [elbeszélés] /

Elmentve itt :
Bibliográfiai részletek
Szerző: Raffai Sarolta
Dokumentumtípus: Cikk
Megjelent: 1970
Sorozat:Tiszatáj 24 No. 5
Kulcsszavak:Magyar irodalom - novella
Online Access:http://tiszataj.bibl.u-szeged.hu/6346
LEADER 00581nab a2200181 i 4500
001 tisza6346
005 20200330131649.0
008 170518s1970 hu o 0|| hun d
022 |a 0133-1167 
040 |a SZTE Tiszatáj Archívum  |b hun 
041 |a hun 
100 1 |a Raffai Sarolta 
245 1 0 |a Meddig fájhat?   |h [elektronikus dokumentum] :  |b [elbeszélés] /  |c  Raffai Sarolta 
260 |c 1970 
300 |a 435-438 
490 0 |a Tiszatáj  |v 24 No. 5 
695 |a Magyar irodalom - novella 
856 4 0 |u http://tiszataj.bibl.u-szeged.hu/6346/1/tiszataj_1970_005_435-438.pdf  |z Dokumentum-elérés